| 000 | 00453nam a2200145Ia 4500 | ||
|---|---|---|---|
| 008 | 231129s1997||||xx |||||||||||||| ||spa|| | ||
| 020 | _a970-17-0028-7 | ||
| 040 | _bspa | ||
| 082 | _a658.57 V945i | ||
| 100 | _aVon Braun Christoph-Friedrich | ||
| 245 | 0 | _aInnovación industrial. Investigación y desarrollo: las armas de los 90 | |
| 260 | _c1997 | ||
| 264 | _aPrentice Hall Hispanoamericana | ||
| 942 |
_2ddc _cBKS |
||
| 999 |
_c15722 _d15722 |
||